| 000 | 00440cam a2200169ua 4500 | ||
|---|---|---|---|
| 041 |
_aeng _h |
||
| 082 |
_a631.3 _bSHA/PO |
||
| 100 | _aSharma, A K. | ||
| 245 |
_aPotato planter cum intercultivator / _cA K Sharma. _hTextual Documents |
||
| 250 |
_a1 / _b. |
||
| 260 |
_aNew Delhi : _bIndian Agricultural Research Institute , _c1977. |
||
| 300 | _a54 ; . | ||
| 504 | _a | ||
| 700 | 1 | _aSrivastava, B C. | |
| 942 | _cBK | ||
| 999 |
_c293 _d293 |
||